| 000 | 01242nam a2200253Ia 4500 | ||
|---|---|---|---|
| 003 | Ost | ||
| 005 | 20260507075425.0 | ||
| 008 | 260507s9999||||xx |||||||||||||| ||und|| | ||
| 020 | _a7006799579 | ||
| 040 | _cfsecg | ||
| 041 | _aara | ||
| 082 | _a330 | ||
| 100 |
_aعزام، زكريا أحمد _eمؤلف |
||
| 245 | 0 |
_aسياسات التسعير : _bمدخل منهجي و تطبيقي متكامل / _c زكريا أحمد عزام |
|
| 250 | _aطبعة 2 | ||
| 260 |
_aعمان: _bدار المسيرة, _c2015 |
||
| 300 |
_a352 صفحة؛ _bإيضاحات ؛ _c25 سم |
||
| 504 | _aالمراجع ص.343 | ||
| 520 | _aيضم مدخل مفاهيمي إلى التسعير، التسعير وسلوك المستهلك، نظرية التسعير، خطوات عملية التسعير، أهداف التسعير، العوامل المؤثرة في التسعير، طرق و مداخل التسعير، إستراتيجيات التسعير، التسعير في الأسواق الدولية، تسعير الخدمات، تسعير السلع الصناعية. | ||
| 653 | _aأدارة المبيعات | ||
| 653 | _aالأسعار | ||
| 700 |
_aالزغبي، علي فلاح _eمؤلف ثانوي |
||
| 942 | _cكتاب | ||
| 999 |
_c44479 _d44479 |
||